Brasses and other: (Record no. 23795)
[ view plain ]
| 000 -LEADER | |
|---|---|
| fixed length control field | 00440nam a22001457a 4500 |
| 008 - FIXED-LENGTH DATA ELEMENTS--GENERAL INFORMATION | |
| fixed length control field | 230426b |||||||| |||| 00| 0 eng d |
| 040 ## - CATALOGING SOURCE | |
| Original cataloging agency | National Science Library |
| Transcribing agency | National Science Library |
| 080 ## - UNIVERSAL DECIMAL CLASSIFICATION NUMBER | |
| Universal Decimal Classification number | 669.35'5 |
| Item number | J8 |
| 245 ## - TITLE STATEMENT | |
| Title | Brasses and other: |
| Remainder of title | Copper-zinc alloys |
| Statement of responsibility, etc. | / CDA |
| 260 ## - PUBLICATION, DISTRIBUTION, ETC. | |
| Place of publication, distribution, etc. | London: |
| Name of publisher, distributor, etc. | Copper Development Association, |
| Date of publication, distribution, etc. | 1958 |
| 300 ## - PHYSICAL DESCRIPTION | |
| Extent | 56p. |
| 650 ## - SUBJECT ADDED ENTRY--TOPICAL TERM | |
| Topical term or geographic name entry element | Chemical technology |
| 653 ## - INDEX TERM--UNCONTROLLED | |
| Uncontrolled term | Brass |
| 942 ## - ADDED ENTRY ELEMENTS (KOHA) | |
| Source of classification or shelving scheme | Universal Decimal Classification |
| Koha item type | Reference |
| Withdrawn status | Lost status | Damaged status | Not for loan | Collection | Home library | Current library | Shelving location | Date acquired | Total Checkouts | Full call number | Barcode | Date last seen | Price effective from | Koha item type |
|---|---|---|---|---|---|---|---|---|---|---|---|---|---|---|
| Reference | National Science Library | National Science Library | GF/Rk-21/C-3/R-6 | 24/02/1977 | 669.35'5 J8 | 67164 | 26/04/2023 | 24/02/1977 | Reference |